| 000 | 02651nam a2200289 a 4500 | ||
|---|---|---|---|
| 001 | 000015136 | ||
| 003 | DO-SdBNP | ||
| 005 | 20231017095905.0 | ||
| 008 | 100201s2006 dr r 001 0 spa d | ||
| 020 | _a9789945160802 | ||
| 040 |
_aDO-SdBNP _bspa _cBPMSU |
||
| 082 | 4 |
_aRD861.08 _bI61a 2006 _2 22 |
|
| 245 | 0 | 0 |
_aA la intemperie : _bantología de poetas de la provincia El Seibo / _ccompilador Isael Pérez. |
| 260 |
_aSanto Domingo : _bEditora Búho, _c2006. |
||
| 300 |
_a152 p. ; _c22 cm. |
||
| 500 | _aIncluye referencias bibliográficas y notas al pie de las páginas | ||
| 500 | _aIncluye datos biográficos del compilador en la solapa de la cubierta | ||
| 505 | 0 | _aPresentación -- Última despedida /Rafael Pérez de Castro -- A la virgen de La Altagracia / Servando Morel -- Don Servando / León Beras Zorrilla -- ¿Por qué? / José María Beras Trinidad -- El buey / Quiterio Berroa Canelo -- Las campanas de mi idea / Sergio Augusto Beras -- Ensueño. Preludio espiritual / Valentín Giró -- San Francisco de Asís entre los pájaros/ Emilio A. Morel -- Mariposas / Juan José Sánchez -- Himno a la bandera / Pilar Constanzo -- Hallazgo / Rafael Augusto Zorrilla -- Deseos / Eloína Constanzo -- Himno a la Santísima Cruz / Víctor Bienvenido Beras -- Distancias / Miriam Beras Porrata -- Despedida / Pantolín de Castro Beras -- ¡Denuncia oh mar tus justas iras! / Enriquillo Evangelista -- Amor / Juan Demóstenes Cotes Morales -- No entiendon / Europa Delgado Marte -- Tus ojos / Milcíades Tavarez Mercedes -- Vivencias / Portalatina Taveras -- Flagelum Dei / Juan Carlos Mieses -- Las bestias del olivo / Cecilio Díaz Carela -- Amor / Rafael Peralta Romero -- De siglo a siglo / Liduvina Paulina -- La figura del Maestro /Agustina Febles Eusebio -- Acuarela / Aquiles Julián -- El miedo / Francisco Evangelista Rivera -- Llanto seco / Sélvido Candelaria -- La calle / Marcial Mota -- Ausencia de ti / José Joaquín Moreno Guzmán -- Amparo / Fernando Abad -- Poema 16 / Diógenes Abreu -- Hechizos de la Hybris / Plinio Chahín -- El lamento de Ulises / Carlos Roberto Gómez Beras -- Tú me haces falta / Heriberto Paredes -- Palpitación del beso / Gabino Severino -- Eres / William Peguero Mora -- Ganas sucias / Vicente Beras -- Pasión / Luis M. Amparo Rijo. | |
| 590 | _aInventariado, 2023/VM | ||
| 650 | 4 |
_aPoesía dominicana _vColecciones |
|
| 650 | 4 |
_aPoesía dominicana _xAntología literaria |
|
| 650 | 4 | _aLiteratura dominicana. | |
| 651 | 4 |
_aEl Seibo (República Dominicana) _xAntología literaria |
|
| 700 | 1 |
_aPérez, Isael _ecomp. |
|
| 910 | _aVMateo V. Control de calidad. | ||
| 942 |
_2ddc _cBK |
||
| 999 |
_c12730 _d12730 |
||